000 00546cam a2200205ua 4500
001 139
008 110322n ii |||gr||||Z||||||eng
020 _a978-81-203-0596-0
040 _cMAIN
082 _a005
245 _aThe programing language.
_cBy Brian W. Kerninghan.
250 _a2nd.
260 _aNew Delhi.:
_bPhi publication.,
_c2007.
300 _axii, 272 p.:
_bill.;9 cm.
653 _aComputer science.
653 _aThe c programming language.
700 1 _aKerninghan, Brian W.,
700 1 _aRitchie, Dennis M.,
942 _cBK
999 _c127
_d127